Turbulence (Record no. 5373)

000 -LEADER
fixed length control field 00511nam a2200205 i 4500
001 - CONTROL NUMBER
control field 5373
003 - CONTROL NUMBER IDENTIFIER
control field BD-DhUET
008 - FIXED-LENGTH DATA ELEMENTS--GENERAL INFORMATION
fixed length control field 750220s1975 nyua b 001 0 eng
020 ## - INTERNATIONAL STANDARD BOOK NUMBER
International Standard Book Number 0070290377
040 ## - CATALOGING SOURCE
Original cataloging agency DLC
Transcribing agency DLC
Modifying agency BD-DhUET
082 00 - DEWEY DECIMAL CLASSIFICATION NUMBER
Classification number 532.56
Item number HIN/1975
100 1# - MAIN ENTRY--PERSONAL NAME
Personal name Hinze, J. O.
245 00 - TITLE STATEMENT
Title Turbulence
250 ## - EDITION STATEMENT
Edition statement 2nd ed.
260 ## - PUBLICATION, DISTRIBUTION, ETC. (IMPRINT)
Place of publication, distribution, etc. New York
Name of publisher, distributor, etc. McGraw-Hill
Date of publication, distribution, etc. 1975
300 ## - PHYSICAL DESCRIPTION
Extent x,790p.
Other physical details ill.
Dimensions 24 cm.
490 0# - SERIES STATEMENT
Series statement McGraw-Hill series in mechanical engineering
650 #0 - SUBJECT ADDED ENTRY--TOPICAL TERM
Topical term or geographic name as entry element Turbulence
942 ## - ADDED ENTRY ELEMENTS (KOHA)
Koha item type General Book
Holdings
Koha normalized classification for sorting Shelving location Source of classification or shelving scheme Koha full call number Koha date last seen Damaged status Koha issues (times borrowed) Location (home branch) Not for loan Lost status Sublocation or collection (holding branch) Price effective from Copy number Piece designation (barcode) Withdrawn status Koha item type Koha date last borrowed Date acquired
532_560000000000000_HIN_1975Circulation section 532.56/HIN/19752014-11-26  Central Library, BUET  Central Library, BUET2014-11-26163813 General Book 2014-11-26
532_560000000000000_HIN_1975Circulation section 532.56/HIN/19752014-11-26  Central Library, BUET  Central Library, BUET2014-11-26263816 General Book 2014-11-26
532_560000000000000_HIN_1975Circulation section 532.56/HIN/19752014-12-07  Central Library, BUET  Central Library, BUET2014-12-07344334 General Book 2014-12-07
532_560000000000000_HIN_1975Circulation section 532.56/HIN/19752014-12-07  Central Library, BUET  Central Library, BUET2014-12-07463807 General Book 2014-12-07
532_560000000000000_HIN_1975Circulation section 532.56/HIN/19752015-03-29 1Central Library, BUET  Central Library, BUET2014-12-07563812 General Book2015-03-252014-12-07
532_560000000000000_HIN_1975Circulation section 532.56/HIN/19752014-12-07  Central Library, BUET  Central Library, BUET2014-12-07663805 General Book 2014-12-07
532_560000000000000_HIN_1975Circulation section 532.56/HIN/19752014-12-07  Central Library, BUET  Central Library, BUET2014-12-07763810 General Book 2014-12-07
532_560000000000000_HIN_1975Circulation section 532.56/HIN/19752014-12-07  Central Library, BUET  Central Library, BUET2014-12-07863808 General Book 2014-12-07
532_560000000000000_HIN_1975Circulation section 532.56/HIN/19752014-12-07  Central Library, BUET  Central Library, BUET2014-12-07963809 General Book 2014-12-07
532_560000000000000_HIN_1975Circulation section 532.56/HIN/19752023-02-28 1Central Library, BUET  Central Library, BUET2014-12-071063806 General Book2022-11-142014-12-07
532_560000000000000_HIN_1975Circulation section 532.56/HIN/19752015-09-14 1Central Library, BUET  Central Library, BUET2014-12-071163815 General Book2015-05-262014-12-07
532_560000000000000_HIN_1975Circulation section 532.56/HIN/19752015-03-09  Central Library, BUET  Central Library, BUET2015-03-091239158 General Book 2015-03-09
532_560000000000000_HIN_1975Reading section 532.56/HIN/19752015-06-07  Central Library, BUET  Central Library, BUET2015-06-071358968 Reading Item 2015-06-07
532_560000000000000_HIN_1975Reading section 532.56/HIN/19752015-06-07  Central Library, BUET  Central Library, BUET2015-06-071460653 Reading Item 2015-06-07
532_560000000000000_HIN_1975Reading section 532.56/HIN/19752015-06-23  Central Library, BUET  Central Library, BUET2015-06-231552729 Reading Item 2015-06-23
532_560000000000000_HIN_1975Circulation section 532.56 HIN/19752024-11-27 1Central Library, BUET  Central Library, BUET2024-11-161663811 General Book2024-11-271985-06-29
532_560000000000000_HIN_1975  532.56 HIN/19752024-11-16  Central Library, BUET  Central Library, BUET2024-11-16   General Book 2024-11-16
532_560000000000000_HIN_1975Circulation section 532.56 HIN/19752024-11-16  Central Library, BUET  Central Library, BUET2024-11-161839159 General Book 2025-09-03